Chiny - quiz wielokrotnego wyboru - Statystyki

Ogólne statystyki
  • Ten quiz został rozwiązany 1 344 razy
    1 340 od ostatniego zresetowania
  • Średni wynik to 10 z 15
Statystyki odpowiedzi
Zagadnienie Odpowiedź % Poprawnych
Kto przewodzi Chinom od 2012 roku? Xi Jinping
89%
Które miasto leży dalej na północ? Pekin
88%
Który z tych wirusów nie powstał w Chinach? HIV
86%
Jak powierzchnia lądowa Chin wypada w porównaniu z powierzchnią Stanów Zjednoczonych? Są podobnej wielkości
79%
W języku mandaryńskim te znaki symbolizują Chiny „中国”. Co oznaczają dosłownie? Państwo Środka
75%
Jaką firmę można uznać za chińską wersję Amazon.com? AliBaba
74%
Które z poniższych wydarzeń było skutkiem„Wielkiego Skoku Naprzód” przewodniczącego Mao (1958-1962)? Najbardziej śmiercionośny głód w historii ludzkości (23–55 milionów zgonów)
74%
Co to jest „bao”? Kluski na parze
69%
Jaka wielka tama została otwarta na rzece Jangcy w 2003 roku? Zapora Trzech Przełomów
66%
Jakie miasto jest znane także pod nazwą Guangdong ? Kanton
58%
Który z nich nie jest uważany za jeden z czterech wielkich wynalazków starożytnych Chin? Siodło
58%
Jaki dialekt jest najczęściej używany w Hongkongu? Kantoński
48%
Które zwierzę nie występuje w chińskim zodiaku? Lew
47%
Czym w historii Chin był „Warkocz”? Fryzura narzucona wszystkim Chińczykom przez ich władców mandżurskich
40%
Które miasto nie leży blisko wybrzeża? Chengdu
36%
Nie znaleziono quizów pasujących do podanych kryteriów
Rozkład punktacji
Procent ludzi z każdym wynikiem
Percentyl według liczby udzielonych odpowiedzi
Twoja historia wyników
Nie rozwiązałeś tego quizu od ostatniego zresetowania